| 000 | 00335nam a22001337a 4500 | ||
|---|---|---|---|
| 020 | _a8187036230 | ||
| 082 |
_a664 _bKAU/NU |
||
| 100 |
_aKaushik,V.K _9521 |
||
| 245 | _aNutrition and Food Safety | ||
| 260 |
_aJaipur _bBook Enclave _c2009 |
||
| 300 | _a250 | ||
| 490 | _aReadings in Food, Nutrition and Dietetics Series-2 | ||
| 942 | _cBK | ||
| 999 |
_c14348 _d14348 |
||